Cities Beginning With K on a Map - Statistics

General Stats
  • This quiz has been taken 34,928 times
    34,792 since last reset
  • The average score is 14 of 20
Answers on the Map
Answers color-coded by a green-red scale on the quiz's map according to % correct below.
 
Answer Stats
City % Correct
Kyiv
96%
Kyoto
86%
Kingston
85%
Kinshasa
85%
Kuwait City
85%
Kabul
84%
Kathmandu
84%
Krakow
84%
Kuala Lumpur
83%
Kansas City
82%
Khartoum
79%
Karachi
77%
Kolkata
69%
Kampala
68%
Kigali
64%
Kano
43%
Kazan
35%
Kunming
27%
Kandy
22%
Kaohsiung
20%
No matching quizzes found
Score Distribution
Percent of People with Each Score
Percentile by Number Answered
Your Score History
You have not taken this quiz since the last reset